Miasta powyżej 300 000 mieszkańców najbliżej Warszawy - Statystyki

Ogólne statystyki
  • Ten quiz został rozwiązany 307 razy
  • Średni wynik to 55 z 130
Statystyki odpowiedzi
Kilometrów Odpowiedź % Poprawnych
339 km Gdańsk
95%
140 km Łódź
92%
311 km Poznań
92%
348 km Wrocław
92%
293 km Kraków
89%
574 km Berlin
88%
173 km Lublin
88%
267 km Bydgoszcz
87%
566 km Szczecin
87%
550 km Mińsk
85%
782 km Kijów
82%
393 km Lwów
80%
683 km Praga
80%
479 km Wilno
80%
1255 km Moskwa
78%
688 km Ryga
78%
661 km Bratysława
76%
783 km Budapeszt
75%
995 km Tallin
75%
1075km Monachium
74%
1646 km Sztokholm
74%
1595 km Oslo
73%
1591 km Paryż
73%
674 km Wiedeń
73%
852 km Hamburg
72%
1085 km Helsinki
72%
1195 km Amsterdam
71%
1004 km Kopenhaga
71%
1352 km Bukareszt
69%
1192 km Petersburg
68%
1635 km Londyn
66%
1259 km Charków
65%
1786 km Rzym
64%
1044 km Zagrzeb
64%
1539 km Mediolan
63%
1228 km Belgrad
61%
621 km Drezno
61%
1030 km Dortmund
59%
1617 km Sofia
59%
430 km Kowno
58%
539 km Brno
57%
1110 km Kolonia
57%
1235 km Odessa
57%
1229 km Rotterdam
56%
733 km Lipsk
55%
1639 km Turyn
55%
206 km Brześć
54%
1718 km Lyon
54%
1389 km Sarajewo
54%
1532 km Donieck
51%
1236 km Haga
51%
2027 km Marsylia
51%
1985 km Neapol
51%
1332 km Zurych
50%
275 km Grodno
49%
379 km Kaliningrad
49%
980 km Kiszyniów
49%
1109 km Dusseldorf
44%
1312 km Goteborg
44%
1951 km Tirana
44%
1849 km Birmingham
43%
933 km Brema
43%
1076 km Frankfurt nad Menem
43%
1981 km Liverpool
43%
1961 km Manchester
43%
928 km Norymberga
43%
1120 km Stuttgart
43%
2020 km Stambuł
41%
1261 km Dniepr
40%
822 km Hanower
39%
1656 km Skopje
38%
1833 km Nicea
37%
1256 km Antwerpia
36%
1069 km Essen
36%
868 km Smoleńsk
36%
1517 km Florencja
35%
737 km Homel
33%
1133 km Bonn
31%
1660 km Genua
31%
1339 km Zaporoże
31%
1855 km Saloniki
29%
1413 km Bolonia
28%
1594 km Warna
28%
1953 km Leeds
27%
1143 km Nowy Sad
27%
1722 km Rostów nad Donem
25%
831 km Witebsk
25%
1651 km Sewastopol
24%
814 km Kluż
23%
1193 km Krzywy Róg
23%
1689 km Niżny Nowogród
22%
1566 km Mariupol
21%
731 km Mohylew
21%
1087 km Duisburg
20%
1593 km Ługańsk
20%
1173 km Utrecht
19%
1054 km Bochum
18%
1442 km Woroneż
18%
1769 km Płowdiw
17%
1906 km Krasnodar
16%
1871 km Cardiff
15%
1239 km Mikołajów
15%
1908 km Sheffield
14%
1170 km Timisoara
14%
1818 km Bristol
13%
1303 km Tuła
13%
751 km Winnica
13%
1064 km Wuppertal
13%
926 km Bielefeld
12%
1150 km Mannheim
12%
1011 km Munster
11%
1306 km Chersoń
10%
1227 km Kursk
10%
1521 km Jarosław
8%
1462 km Riazan
7%
2001 km Saratów
7%
1571 km Symferopol
7%
1259 km Biełgorod
5%
1072 km Briańsk
5%
1794 km Coventry
5%
1201 km Orzeł
5%
1312 km Twer
5%
1900 km Penza
4%
1206 km Kaługa
3%
1495 km Lipieck
3%
1555 km Makiejewka
3%
1570 km Iwanowo
2%
1460 km Włodzimierz
2%
1622 km Czerepowiec
1%
1944 km Czeboksary
0%
Nie znaleziono quizów pasujących do podanych kryteriów
Rozkład punktacji
Procent ludzi z każdym wynikiem
Percentyl według liczby udzielonych odpowiedzi
Twoja historia wyników
Nie rozwiązałeś tego quizu